LDR 00786naa#a2200169#i#450# 001 RU\\bibl\105216 005 20260503192104.7 011 ## _a2500-1825 100 ## _a20260331b2026####ek#y0rusy0150####ca 102 ## _aRU 200 1# _aАКТУАЛЬНЫЕ ПРОБЛЕМЫ АГРАРНОГО СЕКТОРА ХАКАСИИ В ГОДЫ ВЕЛИКОЙ ОТЕЧЕСТВЕННОЙ ВОЙНЫ _eЖурнальная статья 210 1# _aКрасноярск _cКрасноярский государственный аграрный университет _d2026 215 ## _a9 с. 608 ## _aЖурнальная статья _2local 675 ## _aИстория. Теоретические вопросы. 93 _z 700 #1 _aПечерский _gВладимир Арнольдович 856 4# _asej.kgau.ru _u